[Event "Cholet-G"]
[Site "Cholet"]
[Date "2012.02.24"]
[Round "7"]
[White "Gazagnes, Jacques"]
[Black "Durand, Marcel"]
[Result "0-1"]
[WhiteElo "1515"]
[BlackElo "1588"]
[PlyCount "114"]
[EventDate "2012.02.18"]
[EventType "swiss"]
[EventRounds "7"]
[EventCountry "FRA"]
[SourceTitle "EXT 2013"]
[Source "ChessBase"]
[SourceDate "2012.11.22"]
[SourceVersion "1"]
[SourceVersionDate "2012.11.22"]
[SourceQuality "1"]

1. d4 Nf6 2. e3 g6 3. Bd3 d5 4. Nd2 Bg7 5. Ngf3 Bg4 6. c3 Nbd7 7. 0-0 e5 8. dxe5 Nxe5 9. Be2 Nxf3+ 10. Nxf3 Qd6 11. h3 Be6 12. Ng5 0-0 13. Nxe6 fxe6 14. Qc2 c6 15. Bd2 Rf7 16. Bd3 Rd8 17. Rad1 Qe5 18. Be1 Bf8 19. Bd2 Bc5 20. Bc1 Nh5 21. Qe2 Bd6 22. f4 Qf6 23. Rf3 Bc5 24. Bc2 Qh4 25. Kh2 Rdf8 26. Rdf1 Qe7 27. Kh1 e5 28. Qe1 e4 29. Rg3 Nxg3+ 30. Qxg3 Rf5 31. Bd1 Kh8 32. Bg4 R5f7 33. Qe1 Qf6 34. Qe2 h5 35. Bxh5 gxh5 36. b4 Be7 37. Bb2 Qh4 38. c4+ Kh7 39. cxd5 cxd5 40. Be5 Bf6 41. Bd6 Rd8 42. Be5 Bxe5 43. fxe5 Rxf1+ 44. Qxf1 Qg5 45. Qf7+ Kh8 46. e6 Rg8 47. Qf1 Qg6 48. e7 Qg7 49. Qe2 Qe5 50. e8Q Qxe8 51. Qf2 Qg6 52. Qb2+ Kh7 53. Qf2 Kh6 54. Qf4+ Qg5 55. Qf2 h4 56. Qd2 Rf8 57. Qe1 Qg3 0-1

[Event "Cholet-A"]
[Site "Cholet"]
[Date "2011.03.09"]
[Round "6"]
[White "Durand, Marcel"]
[Black "Dumont, Gilles"]
[Result "0-1"]
[WhiteElo "1770"]
[BlackElo "1910"]
[PlyCount "78"]
[EventDate "2011.03.05"]
[EventType "tourn"]
[EventRounds "9"]
[EventCountry "FRA"]
[SourceTitle "EXT 2012"]
[Source "ChessBase"]
[SourceDate "2011.11.24"]
[SourceVersion "1"]
[SourceVersionDate "2011.11.24"]
[SourceQuality "1"]

1. e4 e5 2. Nf3 Nc6 3. Bc4 Be7 4. 0-0 Nf6 5. Re1 0-0 6. Nc3 d6 7. d4 Bg4 8. d5 Nd4 9. Be2 Nxe2+ 10. Qxe2 Re8 11. h3 Bc8 12. Bg5 h6 13. Bxf6 Bxf6 14. Nh2 g6 15. Rad1 Bd7 16. Nb1 a6 17. c4 b5 18. b3 Kh7 19. Qc2 Qe7 20. Re3 Bg5 21. Rc3 b4 22. Rcd3 f5 23. f3 a5 24. c5 Bb5 25. cxd6 cxd6 26. exf5 gxf5 27. R3d2 e4 28. fxe4 fxe4 29. Re1 Rac8 30. Qd1 Bh4 31. Re3 Qa7 32. Ng4 Bg5 33. Qe1 Bxe3+ 34. Qxe3 Qxe3+ 35. Nxe3 Rc1+ 36. Rd1 Rxd1+ 37. Nxd1 e3 38. Nxe3 Rxe3 39. Kf2 Re2+ 0-1

[Event "Cholet-A"]
[Site "Cholet"]
[Date "2011.03.09"]
[Round "7"]
[White "Jeanneau, Nicolas"]
[Black "Durand, Marcel"]
[Result "1/2-1/2"]
[WhiteElo "1850"]
[BlackElo "1770"]
[PlyCount "38"]
[EventDate "2011.03.05"]
[EventType "tourn"]
[EventRounds "9"]
[EventCountry "FRA"]
[SourceTitle "EXT 2012"]
[Source "ChessBase"]
[SourceDate "2011.11.24"]
[SourceVersion "1"]
[SourceVersionDate "2011.11.24"]
[SourceQuality "1"]

1. e4 c5 2. Nc3 d6 3. g3 g6 4. Bg2 Bg7 5. d3 Nc6 6. Be3 Bd7 7. Nge2 Rb8 8. 0-0 h5 9. h4 Nh6 10. Qd2 Ng4 11. Nd1 Nxe3 12. fxe3 Bg4 13. c3 e6 14. Nf4 g5 15. hxg5 Qxg5 16. Qf2 Kd7 17. d4 Rbf8 18. Nh3 Qg6 19. Nf4 Qg5 1/2-1/2